|
|
|
|
| LEADER |
00000nam a2200000 a 4500 |
| 001 |
UCX7478 |
| 003 |
CL-VaPUC |
| 008 |
931213e19840000FR |||||||||||||||||fre|d |
| 082 |
0 |
4 |
|a 944.04
|b DUM
|2 21
|
| 100 |
0 |
|
|a Dumont, Jean
|e author
|9 324325
|
| 245 |
1 |
3 |
|a La Revolution Francaise ou les prodiges du sacrilege
|
| 300 |
|
|
|a 510 p
|
| 942 |
|
|
|c BK
|
| 945 |
|
|
|d 19931213 00:00:00
|a aalvarez
|
| 260 |
|
|
|a París
|b Criterion
|c 1984
|
| 650 |
|
7 |
|a HISTORIA REVOLUCION 1789-1799
|2 CL-VaPUC
|9 266279
|
| 651 |
|
0 |
|a Francia
|9 255157
|
| 583 |
|
|
|a last modification
|c 19931213 00:00:00
|k Rodrigo Vera
|
| 999 |
|
|
|c 227287
|d 227285
|
| 952 |
|
|
|0 0
|1 0
|4 0
|6 944_040000000000000_DUM_1984
|7 0
|8 A
|9 226197
|a BIBHIS
|b BIBHIS
|d 2019-11-15
|i 2947765
|o 944.04 DUM 1984
|p 2947765
|r 2025-01-20
|w 2019-11-15
|y BK
|k HIS
|